000
00270nam a2200109Ia 4500
008
200302s9999 xx 000 0 und d
100
_a
Jack Barker & Others
245
_a
100 Great Cities Of The World
260
_b
AA Publishing, London
260
_c
2005
300
_a
221 P
999
_c
4530
_d
4530